|
|
|
|
| LEADER |
00000nam a2200000 a 4500 |
| 001 |
UCX8093 |
| 003 |
CL-VaPUC |
| 008 |
940124e19920000SP |||||||||||||||||spa|d |
| 082 |
0 |
4 |
|a 624.193
|b CAL
|2 21
|
| 100 |
|
|
|a Calavera Ruiz, José
|e author
|9 363920
|
| 700 |
0 |
|
|a García Dutari, Luis
|e author
|9 325150
|
| 245 |
1 |
0 |
|a Cálculo de flechas en estructuras de hormigón armado: forjados, losas, vigas de canto, vigas planas
|
| 300 |
|
|
|a 336 p
|
| 942 |
|
|
|c BK
|
| 945 |
|
|
|d 19940124 00:00:00
|a mfernand
|
| 260 |
|
|
|a Madrid
|b INTEMAC
|c 1992
|
| 500 |
|
|
|a Incluye diskette
|
| 650 |
|
0 |
|a Estructuras de hormigón
|9 262647
|
| 583 |
|
|
|a last modification
|c 19940124 00:00:00
|k Rodrigo Vera
|
| 999 |
|
|
|c 227713
|d 227711
|
| 952 |
|
|
|0 0
|1 0
|4 0
|6 624_193000000000000_CAL_1992
|7 0
|8 A
|9 226897
|a BIBING
|b BIBING
|d 2019-11-15
|i 2960818
|o 624.193 CAL 1992
|p 2960818
|r 2025-01-20
|w 2019-11-15
|y BK
|k CCL
|
| 952 |
|
|
|0 0
|1 0
|4 0
|6 624_193000000000000_CAL_1992
|7 0
|8 A
|9 226898
|a BIBING
|b BIBING
|d 2019-11-15
|i 3486885
|o 624.193 CAL 1992
|p 3486885
|r 2025-01-20
|w 2019-11-15
|y BK
|k CCL
|